000 00746cam a2200205 i 4500
005 20260119122326.0
008 250721s2003 jo gr 000 0 ara d
082 1 4 _a332.6
_bم ع ر
100 1 _aمعروف، هوشيار
_eمؤلف.
245 1 2 _aالإستثمارات والأسواق المالية /
_cالاأستاذ الدكتور هوشيار معروف.
250 _aالطبعة الأولى.
264 3 1 _aعمان :
_bدار الصفاء للنشر والتوزيع،
_c2003.
300 _a309 صفحة.
650 1 7 _aالأسواق المالية.
650 1 7 _aرؤوس الأموال.
650 1 7 _aالإستثمار.
650 1 7 _aالإقتصاد.
942 _2ddc
_cBK
999 _c94578
_d94578